Diagnostics and therapy in veterinary dermatology /

Bibliographic Details
Other Authors: Logas, Dawn (Editor)
Format: eBook
Language:English
Published: Hoboken, N.J. : Wiley Blackwell, [2022]
Subjects:
Online Access:Connect to the full text of this electronic book.

MARC

Tag First Indicator Second Indicator Subfields
LEADER 00000cam a2200000 i 4500
001 in00004631921
008 210907s2022 njua ob 001 0 eng
006 m o d
007 cr cn|||||||||
005 20221212212351.4
010 |a  2021043863 
035 |a (OCoLC)on1268123121 
040 |a DLC  |b eng  |e rda  |c DLC  |d OCLCO  |d DG1  |d OCLCF  |d OCLCO  |d YDX  |d OCL 
020 |a 9781119680642  |q electronic book 
020 |a 1119680646  |q electronic book 
020 |a 9781119680635  |q electronic book 
020 |a 1119680638  |q electronic book 
020 |a 9781119680628  |q electronic book 
020 |a 111968062X  |q electronic book 
020 |z 9781119680604  |q hardcover 
024 7 |a 10.1002/9781119680642  |2 doi 
035 |a (OCoLC)1268123121 
060 4 |a SF 901  |b D5366 2022eb 
245 0 0 |a Diagnostics and therapy in veterinary dermatology /  |c edited by Dawn Logas. 
264 1 |a Hoboken, N.J. :  |b Wiley Blackwell,  |c [2022] 
264 4 |c ©2022 
300 |a 1 online resource :  |b illustrations (chiefly color) 
336 |a text  |b txt  |2 rdacontent 
337 |a computer  |b c  |2 rdamedia 
338 |a online resource  |b cr  |2 rdacarrier 
504 |a Includes bibliographical references and index. 
505 0 |a The skin as an immune organ -- How to get the most out of your dermatologic history and examination -- New diagnostic tools and tests for dermatology -- When, where, and how to biopsy skin -- Antimicrobial-resistant staphylococcal infection -- Fungal and oomycete infections -- Parasitic infections -- Emerging infectious diseases in veterinary dermatology -- Canine hypersensitivities -- Feline hypersensitivities -- Common and emerging autoimmune diseases -- Endocrine and metabolic diseases with dermatologic manifestations -- Medical management of acute and chronic otitis -- What is the difference between brand name, generic, and compounded drugs? -- Topical therapies -- Antimicrobial resistance -- Omega-3 fatty acids : what's new? -- Immunopharmacology -- Allergen immunotherapy -- Biologic therapies for dermatologic use -- Use of lasers in dermatology -- Unconventional and plant-based therapies -- Sedation, anesthesia, and pain management in small animal dermatology -- How your nursing staff can improve efficiency and compliance in the management of dermatologic cases -- Communication between the client, primary care practitioner, and dermatologist -- The future of technology and computers in veterinary medicine. 
588 |a Description based on online resource; title from digital title page (viewed on June 16, 2022). 
650 0 |a Veterinary dermatology. 
650 0 |a Cutaneous manifestations of general diseases. 
650 2 |a Skin Diseases  |x veterinary. 
650 2 |a Skin Manifestations. 
650 2 |a Dog Diseases. 
650 2 |a Cat Diseases. 
650 2 |a Dogs. 
650 2 |a Cats. 
700 1 |a Logas, Dawn,  |e editor. 
776 0 8 |i Print version:  |t Diagnostics and therapy in veterinary dermatology  |d Hoboken, NJ : Wiley-Blackwell, 2022  |z 9781119680604  |w (DLC) 2021043862 
856 4 0 |u http://proxy.library.tamu.edu/login?url=https://onlinelibrary.wiley.com/book/10.1002/9781119680642  |z Connect to the full text of this electronic book.  |t 0 
994 |a Z0  |b TMV 
948 |h HELD BY TMV - 192 OTHER HOLDINGS 
999 f f |s eaedb6ab-eb5b-423d-8565-27aa6c976f70  |i dfd7b7dc-ba7f-457c-bb16-1c50fd2421de  |t 0 
952 f f |a Texas A&M University  |b College Station  |c Electronic Resources  |s WWW MSL Ebooks  |d Available Online  |t 0  |e SF 901 D5366 2022eb  |h National Library of Medicine classification